000 00760nam a22002057a 4500
999 _c14797
_d14797
003 AR-CdUCM
008 190424b ||||| |||| 00| 0 spa d
020 _a978-84-9825-860-8
040 _aMUNICIPALIDAD PROVINCIAL DEL CUSCO
_cBIBLIOTECA MUNICIPAL DEL CUSCO
082 _aPI / 376.1 /
_bN29
100 _aNavarro, Angels
_926797
245 _aModa de quita y pon :
_bmucho mas que disfraces /
260 _aBarcelona :
_bCombel.
_c2013.
300 _a12 paginas ;
_bIlustraciones,
_c24 cm.
_e4 fichas con personajes para decorar, 4 laminas magnéticas y un cuento.
650 _aJugando a disfrazar
_933695
650 _aCuentos para niños
_933675
650 _aJuego didáctico para niñas (os)
_933696
942 _2ddc
_cLIBROS
945 _awnts
_d2019-04-24